• 首页
  • 本馆介绍
  • 公告通知
  • 最新文献
  • 馆藏检索
  • 电子资源
  • 读者导购
  • 参考咨询
  • 我的图书馆
  • 登录
  • 详细信息显示
  • 放入我的书架
  • 预约/预借图书
  • 作者相关作品
  • 分类相关作品
  • 丛书相关作品
  • 出版社相关作品

书目信息

  • 表格格式
  • 工作单格式
  • 卡片格式
题名:
俄罗斯汉学家李福清研究
    
 
作者: 张冰 著
分册:  
出版信息: 北京   北京大学出版社  2015.8
页数: 251页
开本: 23cm
丛书名: 北京大学比较文学学术文库
单 册:
中图分类: K207.8 , K835.125.81
科图分类:
主题词: 汉学--han xue--研究--俄罗斯--现代 , 研究--yan jiu , 俄罗斯--e luo si
电子资源:
ISBN: 978-7-301-26248-1
000 00995nam0 22003011 450
001 1730351512
005 20170527092926.85
010    @a978-7-301-26248-1@dCNY45.00
100    @a20151030d2015 em y0chiy50 ea
101 0  @achi
102    @aCN@b110000
105    @ay a 001yy
106    @ar
200 1  @a俄罗斯汉学家李福清研究@Ae luo si han xue jia li fu qing yan jiu@f张冰著
210    @a北京@c北京大学出版社@d2015.8
215    @a251页@d23cm
225 2  @a北京大学比较文学学术文库@Abei jing da xue bi jiao wen xue xue shu wen ku
320    @a有书目 (第234-243页)
461  0 @12001 @a北京大学比较文学学术文库
600  0 @a李福清@Ali fu qing@c(Рифтин,Борис Львович),@f1932-2012@x汉学@x研究
606 0  @a汉学@Ahan xue@x研究@y俄罗斯@z现代
606 0  @a研究@Ayan jiu
606 0  @a俄罗斯@Ae luo si
690    @aK207.8@v5
690    @aK835.125.81@v5
701  0 @a张冰@Azhang bing@4著
801  0 @aCN@bTANG WEI@c20170524
905    @b0969966-8@dK207.8@e123@f3
    
    俄罗斯汉学家李福清研究/张冰著.-北京:北京大学出版社,2015.8
    251页;23cm.-(北京大学比较文学学术文库)
    
    
    ISBN 978-7-301-26248-1:CNY45.00
    
●
相关链接 在E读中查询图书 在五车中查询图书 在当当中查询图书 在豆瓣中查询图书


正题名:俄罗斯汉学家李福清研究     索取号:K207.8/123         预约/预借

序号 登录号 条形码 馆藏地/架位号 状态 备注
1 0969966   209699664   第二样本阅览室/ [索取号:K207.8/123] 在馆    
2 0969967   209699673   第二借阅区/ [索取号:K207.8/123] 在馆    
3 0969968   209699682   密集书库-文学院/ [索取号:K207.8/123] 在馆    
唐山师范学院图书馆 欢迎您!
大连网信软件有限公司© 版权所有